Crociata immaginaria di un marinaio cieco (Registo nº 201017)
[ vista simples ]
| 000 -Etiqueta do registo | |
|---|---|
| Valores | 00721nam 22002053 4500 |
| 010 ## - Número ISBN | |
| ISBN | 88-8319-081-5 |
| 100 ## - Dados gerais de processamento | |
| Dados gerais | 20260305d u||y0pory50 ba |
| 200 ## - Titulo e menção de responsabilidade | |
| Título próprio | Crociata immaginaria di un marinaio cieco |
| Informação de outro título | romanzo psicopoetico |
| Primeira menção de responsabilidade | Miguel Barbosa |
| Outras menções de responsabilidade | versione dal portoghese di Sebastiana Fadda |
| 210 ## - Publicação | |
| Local de publicação | Roma |
| Nome do editor | Bulzoni |
| Data de publicação | 1997 |
| 215 ## - Descrição física | |
| Paginação / Volumes | 117, [3] p. |
| Outras indicações físicas | brochado |
| Dimensões | 21 cm |
| 317 ## - Nota de proveniência | |
| Texto da nota | . - Oferta com dedicatória do escritor ao Prof. Dr. Almeida Faria |
| 606 ## - Nome comum usado como assunto | |
| ID Autoridade | 6 |
| Palavra de ordem | Literatura Portuguesa |
| 610 ## - Termos não controlados | |
| Palavra de ordem | Em língua Italiana |
| 675 ## - CDU | |
| Notação | 821.134.3-31"19/20" |
| Edição | IT |
| Língua | ita |
| 700 ## - Autor principal (pessoa individual) | |
| ID Autoridade | 6959 |
| Apelido | Barbosa |
| Nome | Miguel |
| Datas | 1925 |
| 801 ## - Fonte de origem | |
| País | PT |
| Agência | BMMN |
| Regras de catalogação | RPC |
| 830 ## - Notas gerais do catalogador | |
| Criado por | Ana Falardo |
| Indexado por | Ana Falardo |
| 990 ## - Elementos KOHA | |
| Tipo de documento | Livro |
| Situação do levantamento | Biblioteca de origem | Código de barras | Cota | Permissão de empréstimo | Tipo de documento | Nota relativa ao exemplar | Forma de aquisição |
|---|---|---|---|---|---|---|---|
| Biblioteca Municipal de Montemor-o-Novo | 30291 | 821.134.3-3 BAR|SAF | Livro | Acesso condicionado | Oferta |